000 00533nam a2200181Ia 4500
005 20250508150954.0
008 008 250505s9999 xx 000 0 eng d
037 _aTextual
040 _aFEDL
_beng
_cFEDL
041 _aeng
_2eng
084 _a954.029, SHA
_qFEDL
100 _aSharma S R
245 0 _aMaking of modern India: From A. D. 1526 to the present day
260 _aBombay, India
_bOrient Longman Pvt. Ltd.
_c1951
300 _axii,599p.
942 _cTEXL
_h954.029, SHA
999 _c1326815
_d1326815